Evropská banka pro obnovu a rozvoj. Další instituce na pomoc transformaci východoevropských ekonomik.
Európska banka pre obnovu a rozvoj zahájila svoju činnosť v apríli 1991 v Londýne. Prvá medzinárodná inštitúcia zameraná na podporu transformácie ekonomík krajín strednej a východnej Európy. Poskytuje finančné prostriedky na rozvoj súkromného sektoru, na privatizáciu štátnych podnikov, na financovan...
Guardado en:
| Formato: | Capítulo de libro |
|---|---|
| Lenguaje: | checo |
| Materias: | |
| Etiquetas: |
Sin Etiquetas, Sea el primero en etiquetar este registro!
|
MARC
| LEADER | 00000naa a2200000 4500 | ||
|---|---|---|---|
| 001 | r013432 | ||
| 005 | 20221213083216.7 | ||
| 041 | 0 | |a cze | |
| 044 | |a CZ | ||
| 245 | 1 | 0 | |a Evropská banka pro obnovu a rozvoj. |b Další instituce na pomoc transformaci východoevropských ekonomik. |
| 520 | |a Európska banka pre obnovu a rozvoj zahájila svoju činnosť v apríli 1991 v Londýne. Prvá medzinárodná inštitúcia zameraná na podporu transformácie ekonomík krajín strednej a východnej Európy. Poskytuje finančné prostriedky na rozvoj súkromného sektoru, na privatizáciu štátnych podnikov, na financovanie tzv. verejnej infraštruktúry. Sprostredkovanie spolupráce so zahraničnými investormi. Podmienky pre poskytnutie pôžičky. | ||
| 610 | 2 | 0 | |a Európska banka pre obnovu a rozvoj |
| 610 | 2 | 0 | |a transformácia |
| 610 | 2 | 0 | |a stredná Európa |
| 610 | 2 | 0 | |a východná Európa |
| 610 | 2 | 0 | |a pomoc finančná |
| 610 | 2 | 0 | |a pomoc rozvojová |
| 610 | 2 | 0 | |a pôžičky |